[Event "Lvov Ukrainian Chess Warriors"]
[Site "Lvov"]
[Date "2024.03.15"]
[Round "8"]
[White "Grinev, Valeriy"]
[Black "Hnatyshyn, Anastasiya"]
[Result "1-0"]
[WhiteElo "2422"]
[BlackElo "2178"]
[PlyCount "81"]
[EventDate "2024.03.15"]
[EventType "swiss (rapid)"]
[EventRounds "8"]
[EventCountry "UKR"]
[SourceTitle "CB12_2024"]
[SourceDate "2023.10.01"]
[SourceVersion "1"]
[SourceVersionDate "2023.10.01"]
[SourceQuality "1"]

1. d4 d5 2. c4 e6 3. Nf3 Nf6 4. g3 dxc4 5. Qa4+ Nbd7 6. Bg2 a6 7. Qxc4 b5 8. Qc6 Ra7 9. Bf4 Bb7 10. Qc2 c5 11. Nbd2 Ra8 12. 0-0 Rc8 13. Rac1 c4 14. e4 Be7 15. h4 h6 16. d5 exd5 17. e5 Ne4 18. Nd4 0-0 19. Nxe4 dxe4 20. Rcd1 Re8 21. Bxe4 Bxe4 22. Qxe4 Nc5 23. Qf3 Nd3 24. Nf5 Bf8 25. b3 Qb6 26. bxc4 bxc4 27. Qe4 Qc6 28. Qe3 Qg6 29. Rxd3 Qxf5 30. Rc3 Bb4 31. Rcc1 c3 32. Qd4 a5 33. a3 Bxa3 34. Rxc3 Bb2 35. Rxc8 Bxd4 36. Rxe8+ Kh7 37. Rd8 Bc3 38. Rc1 Bb4 39. Rcc8 Qb1+ 40. Kh2 Qe4 41. h5 1-0

[Event "Mediterranean Flower (Women) 24th"]
[Site "Rijeka"]
[Date "2024.03.06"]
[Round "5"]
[White "Mihaljevic, Eva"]
[Black "Hnatyshyn, Anastasiya"]
[Result "1/2-1/2"]
[WhiteElo "1946"]
[BlackElo "2178"]
[PlyCount "51"]
[EventDate "2024.03.03"]
[EventType "tourn"]
[EventRounds "9"]
[EventCountry "CRO"]
[SourceTitle "CB11_2024"]
[SourceDate "2024.03.13"]
[SourceVersion "1"]
[SourceVersionDate "2024.03.13"]
[SourceQuality "1"]

1. e4 e6 2. d4 d5 3. Nd2 c5 4. exd5 Qxd5 5. Ngf3 cxd4 6. Bc4 Qd7 7. 0-0 Nc6 8. Nb3 a6 9. Nbxd4 Nxd4 10. Nxd4 Qc7 11. Qe2 Bd6 12. h3 Ne7 13. Bg5 0-0 14. Rad1 Ng6 15. Bb3 b5 16. c3 Bf4 17. Bxf4 Nxf4 18. Qe3 Bb7 19. f3 Rac8 20. Rfe1 Ng6 21. Bc2 Qg3 22. Ne2 Qe5 23. Nd4 Qg3 24. Ne2 Qe5 25. Nd4 Qg3 26. Ne2 1/2-1/2

[Event "Titled Tuesday intern op 13th Feb Early"]
[Site "Chess.com INT"]
[Date "2024.02.13"]
[Round "4"]
[White "Hnatyshyn, Anastasiya"]
[Black "Kleiman, Jake"]
[Result "0-1"]
[WhiteElo "2178"]
[BlackElo "2399"]
[PlyCount "72"]
[EventDate "2024.02.13"]
[EventType "swiss (blitz)"]
[EventRounds "11"]
[EventCountry "USA"]
[SourceTitle "CB08_2024"]
[SourceDate "2024.02.21"]
[SourceVersion "1"]
[SourceVersionDate "2024.02.21"]
[SourceQuality "1"]

1. Nc3 e5 2. Nf3 Nc6 3. d4 exd4 4. Nxd4 Nf6 5. Bg5 Be7 6. Qd2 0-0 7. 0-0-0 d5 8. e3 Nxd4 9. Qxd4 c6 10. Bd3 h6 11. Bh4 a6 12. Be2 Be6 13. g4 Nd7 14. Bxe7 Qxe7 15. h4 Qf6 16. Qd2 Qxf2 17. g5 Rae8 18. gxh6 g6 19. h5 Kh7 20. Rdf1 Qg3 21. Rhg1 Qe5 22. hxg6+ fxg6 23. Bd3 Bf5 24. Bxf5 Rxf5 25. Rxf5 Qxf5 26. a3 Qe5 27. Qg2 Qxe3+ 28. Kb1 Re6 29. Rf1 Rf6 30. Rh1 Qf3 31. Qh2 Qf4 32. Qg2 Ne5 33. Re1 Rf7 34. Qe2 Nf3 35. Rd1 Nd4 36. Qe8 Nb5 0-1

[Event "Titled Tuesday intern op 06th Feb Early"]
[Site "Chess.com INT"]
[Date "2024.02.06"]
[Round "8"]
[White "Swiatlowski, Lukasz"]
[Black "Hnatyshyn, Anastasiya"]
[Result "0-1"]
[WhiteElo "2199"]
[BlackElo "2178"]
[PlyCount "112"]
[EventDate "2024.02.06"]
[EventType "swiss (blitz)"]
[EventRounds "11"]
[EventCountry "USA"]
[SourceTitle "CB07_2024"]
[SourceDate "2024.02.14"]
[SourceVersion "1"]
[SourceVersionDate "2024.02.14"]
[SourceQuality "1"]

1. Nf3 Nf6 2. g3 g6 3. Bg2 Bg7 4. 0-0 0-0 5. d3 d5 6. Nbd2 c5 7. e4 e6 8. c3 b6 9. a4 Bb7 10. Re1 Nc6 11. Qc2 Rc8 12. Nf1 dxe4 13. dxe4 e5 14. Bg5 h6 15. Bxf6 Qxf6 16. Ne3 Ne7 17. Ng4 Qe6 18. Bh3 Kh8 19. Kg2 f5 20. Ne3 Qc6 21. Nd2 Rcd8 22. Kg1 f4 23. Nef1 Qf6 24. g4 g5 25. f3 Ng6 26. Nc4 Nh4 27. Nfd2 Qe6 28. Bg2 Rd7 29. Rad1 Rfd8 30. b3 a6 31. Nf1 b5 32. axb5 axb5 33. Nb2 c4 34. b4 Qb6+ 35. Kh1 Bf6 36. Rxd7 Rxd7 37. Rd1 Rxd1 38. Nxd1 Bd8 39. Qf2 Qc6 40. Qa7 Bc7 41. Nb2 Kg7 42. h3 Ng6 43. Nd2 Bb6 44. Qb8 Be3 45. Nf1 Qd7 46. h4 gxh4 47. Bh3 Bc6 48. Kg2 Qe7 49. Qc8 Be8 50. Qf5 Bf7 51. Qc8 Qa7 52. Nd1 Qa2+ 53. Kh1 Qe2 54. Ndxe3 fxe3 55. g5 Qxf3+ 56. Bg2 Qf2 0-1

[Event "Titled Tuesday intern op 16th Jan Early"]
[Site "Chess.com INT"]
[Date "2024.01.16"]
[Round "10"]
[White "Ambartsumova, Karina"]
[Black "Hnatyshyn, Anastasiya"]
[Result "1-0"]
[WhiteElo "2418"]
[BlackElo "2152"]
[PlyCount "89"]
[EventDate "2024.01.16"]
[EventType "swiss (blitz)"]
[EventRounds "11"]
[EventCountry "USA"]
[SourceTitle "CB04_2024"]
[SourceDate "2023.10.16"]
[SourceVersion "1"]
[SourceVersionDate "2023.10.16"]
[SourceQuality "1"]

1. d4 Nf6 2. c4 e6 3. Nc3 d5 4. cxd5 exd5 5. Bg5 Be7 6. e3 c6 7. Bd3 0-0 8. Qc2 h6 9. Bh4 Nbd7 10. Nf3 Re8 11. 0-0 Ne4 12. Bxe7 Qxe7 13. Rab1 a5 14. a3 Nxc3 15. Qxc3 a4 16. Bc2 Nf6 17. Nd2 Qd6 18. f3 Rd8 19. Rbe1 Be6 20. Qd3 c5 21. Nb1 c4 22. Qd2 b5 23. Nc3 Rab8 24. Rd1 Qd7 25. e4 dxe4 26. fxe4 Bg4 27. Ne2 Qa7 28. e5 Nd5 29. h3 Bh5 30. Be4 c3 31. Nxc3 Nxc3 32. bxc3 Bxd1 33. Qxd1 Rbc8 34. Qf3 b4 35. axb4 a3 36. Bd5 Rc7 37. Ba2 Rf8 38. e6 Kh8 39. exf7 Qb6 40. Re1 Qd6 41. Re8 Rc8 42. Re6 Qc7 43. Rxh6+ gxh6 44. Qf6+ Kh7 45. Bb1# 1-0

[Event "Titled Tuesday intern op 16th Jan Early"]
[Site "Chess.com INT"]
[Date "2024.01.16"]
[Round "1"]
[White "Hnatyshyn, Anastasiya"]
[Black "Hua, Lefong"]
[Result "0-1"]
[WhiteElo "2152"]
[BlackElo "2305"]
[PlyCount "114"]
[EventDate "2024.01.16"]
[EventType "swiss (blitz)"]
[EventRounds "11"]
[EventCountry "USA"]
[SourceTitle "CB04_2024"]
[SourceDate "2023.10.16"]
[SourceVersion "1"]
[SourceVersionDate "2023.10.16"]
[SourceQuality "1"]

1. Nc3 c5 2. e4 g6 3. d4 cxd4 4. Qxd4 Nf6 5. e5 Nc6 6. Qf4 Nh5 7. Qe4 Bg7 8. g4 d5 9. Qxd5 Bxg4 10. Bb5 0-0 11. Qxd8 Rfxd8 12. f4 Nb4 13. Ba4 Bf5 14. Be3 Nxc2+ 15. Bxc2 Bxc2 16. Nge2 Bf5 17. Kf2 Kf8 18. Ng3 Nxg3 19. hxg3 h5 20. Nb5 a6 21. Nd4 Be4 22. Rhc1 Rac8 23. Nb3 Bd5 24. Nc5 Ke8 25. Rc3 f6 26. Bd4 fxe5 27. Bxe5 Bxe5 28. fxe5 e6 29. Rac1 Ke7 30. b3 Rf8+ 31. Ke2 Rf5 32. Nd3 Rxc3 33. Rxc3 Kd8 34. Rc1 Be4 35. Rc5 Bd5 36. Rc1 g5 37. Rg1 Ke7 38. Rc1 Kd8 39. Kd2 h4 40. gxh4 gxh4 41. Rg1 h3 42. Rg3 Rh5 43. Rg8+ Kc7 44. Rg7+ Kb8 45. Rg8+ Ka7 46. Nf2 h2 47. Kc3 h1Q 48. Nxh1 Rxh1 49. Kd4 Rh4+ 50. Kc5 Rh2 51. a4 Bxb3 52. Kd6 Bd5 53. Ke7 Ra2 54. Kd6 Rxa4 55. Rd8 Rc4 56. Rg8 Kb6 57. Rg7 a5 0-1

[Event "Titled Tuesday intern op 16th Jan Early"]
[Site "Chess.com INT"]
[Date "2024.01.16"]
[Round "11"]
[White "Yelisieiev, Yevhenii"]
[Black "Hnatyshyn, Anastasiya"]
[Result "0-1"]
[WhiteElo "2418"]
[BlackElo "2152"]
[PlyCount "70"]
[EventDate "2024.01.16"]
[EventType "swiss (blitz)"]
[EventRounds "11"]
[EventCountry "USA"]
[SourceTitle "CB04_2024"]
[SourceDate "2023.10.16"]
[SourceVersion "1"]
[SourceVersionDate "2023.10.16"]
[SourceQuality "1"]

1. d4 Nf6 2. Nf3 d5 3. e3 c5 4. Bd3 c4 5. Be2 Nc6 6. 0-0 Bf5 7. a4 e6 8. b3 cxb3 9. cxb3 Bd6 10. Nc3 0-0 11. Ba3 Rc8 12. Bxd6 Qxd6 13. Qd2 a6 14. Rfc1 Rc7 15. h3 h6 16. Ne1 Rfc8 17. Nd3 Nb4 18. Nc5 Nd7 19. N3e4 Bxe4 20. Qxb4 Nxc5 21. dxc5 Rxc5 22. Rxc5 Rxc5 23. Qxb7 a5 24. b4 axb4 25. a5 f5 26. a6 d4 27. Qa7 dxe3 28. fxe3 Qg3 29. Bf1 Rc2 30. Qb8+ Qxb8 31. a7 Qg3 32. a8Q+ Bxa8 33. Rxa8+ Kh7 34. Rb8 Qf2+ 35. Kh2 Qxf1 0-1

[Event "Titled Tuesday intern op 09th Jan Early"]
[Site "Chess.com INT"]
[Date "2024.01.09"]
[Round "5"]
[White "Smirnov, Mark1"]
[Black "Hnatyshyn, Anastasiya"]
[Result "1/2-1/2"]
[WhiteElo "2152"]
[BlackElo "2152"]
[PlyCount "95"]
[EventDate "2024.01.09"]
[EventType "swiss (blitz)"]
[EventRounds "11"]
[EventCountry "USA"]
[SourceTitle "CB03_2024"]
[SourceDate "2024.01.17"]
[SourceVersion "1"]
[SourceVersionDate "2024.01.17"]
[SourceQuality "1"]

1. e4 e6 2. d4 d5 3. Nd2 c5 4. exd5 Qxd5 5. Ngf3 cxd4 6. Bc4 Qd7 7. 0-0 a6 8. Nb3 Nc6 9. Nbxd4 Nxd4 10. Nxd4 Qc7 11. Bb3 Nf6 12. Re1 Be7 13. Qf3 0-0 14. Bf4 Bd6 15. Bxd6 Qxd6 16. Rad1 Qc7 17. c3 Bd7 18. Bc2 h6 19. h3 Rfd8 20. Qe3 Rac8 21. Rd2 Bc6 22. Nxc6 Rxd2 23. Qxd2 Qxc6 24. Rd1 Qc7 25. Qd6 Qxd6 26. Rxd6 Kf8 27. Bd1 Ke7 28. Rb6 Rc7 29. Bf3 Nd5 30. Bxd5 exd5 31. Kf1 Kd8 32. Rd6+ Rd7 33. Rxd7+ Kxd7 34. Ke2 Ke6 35. Ke3 Ke5 36. f4+ Kd6 37. Kd4 f5 38. h4 g6 39. b4 b6 40. a4 a5 41. b5 Ke6 42. g3 Kd6 43. c4 dxc4 44. Kxc4 Ke6 45. Kd4 Kd6 46. Kc4 Ke6 47. Kd4 Kd6 48. Kc4 1/2-1/2